|
|
|
|
| LEADER |
01181nam a2200301 c 4500 |
| 001 |
c000141679 |
| 003 |
CARM |
| 005 |
00000000000000.0 |
| 008 |
720811s1971 nz bs 00010 eng d |
| 015 |
|
|
|a NZ71-159
|
| 019 |
1 |
|
|a 616614
|z 23879321
|5 LACONCORD2021
|
| 020 |
|
|
|c $2.75
|
| 035 |
|
|
|a (OCoLC)532687
|5 LACONCORD2021
|
| 040 |
|
|
|d VERC
|
| 043 |
|
|
|a u-nz---
|
| 050 |
0 |
0 |
|a HV2471
|b .V35
|
| 100 |
1 |
|
|a VandenBerg, D. Marjorie
|q (Dorothy Marjorie Bindon)
|
| 245 |
1 |
4 |
|a The written language of deaf children :
|b a comparative study /
|c D. Marjorie VandenBerg.
|
| 260 |
|
|
|a Wellington, [N.Z.] :
|b New Zealand Council for Educational Research,
|c 1971.
|
| 300 |
|
|
|a 100 p. ;
|c 22 cm.
|
| 440 |
|
|
|a Educational research series (New Zealand Council for Educational Research) ;
|v no. 48
|
| 504 |
|
|
|a Bibliographical footnotes.
|
| 650 |
|
0 |
|a Deaf
|x Means of communication.
|
| 650 |
|
0 |
|a Deaf
|x Education
|z New Zealand.
|
| 852 |
8 |
|
|b CARM
|h A2:AD12A0
|i B00518
|p 0025679
|f BK
|
| 082 |
0 |
4 |
|a 371.91/2/4
|2 19
|
| 999 |
f |
f |
|i a2b1fada-2968-5fd9-8621-2d097e713f68
|s ac0b99e2-0fca-5647-925f-159da54dd160
|
| 952 |
f |
f |
|p Can circulate
|a CAVAL
|b CAVAL
|c CAVAL
|d CARM 1 Store
|e B00518
|f A2:AD12A0
|h Other scheme
|i book
|m 0025679
|